Basic concepts of chemistry (Record no. 183393)
[ view plain ]
| 000 -LEADER | |
|---|---|
| fixed length control field | 01588 a2200193 4500 |
| 003 - CONTROL NUMBER IDENTIFIER | |
| control field | Nust |
| 005 - DATE AND TIME OF LATEST TRANSACTION | |
| control field | 20221011150718.0 |
| 010 ## - LIBRARY OF CONGRESS CONTROL NUMBER | |
| LC control number | 71133993 |
| 020 ## - INTERNATIONAL STANDARD BOOK NUMBER | |
| International Standard Book Number | 0800500024 |
| 040 ## - CATALOGING SOURCE | |
| Transcribing agency | Nust |
| 082 00 - DEWEY DECIMAL CLASSIFICATION NUMBER | |
| Classification number | 540,BIG |
| 100 1# - MAIN ENTRY--PERSONAL NAME | |
| Personal name | Bigelow, Melvin Jerome, |
| 9 (RLIN) | 99913 |
| 245 10 - TITLE STATEMENT | |
| Title | Basic concepts of chemistry |
| Statement of responsibility, etc. | [by] M. Jerome Bigelow. |
| 260 ## - PUBLICATION, DISTRIBUTION, ETC. | |
| Place of publication, distribution, etc. | Tarrytown-on-Hudson, N.Y., |
| Name of publisher, distributor, etc. | Bogden & Quigley |
| Date of publication, distribution, etc. | [1971] |
| 300 ## - PHYSICAL DESCRIPTION | |
| Extent | xv, 396 p. |
| Other physical details | illus. |
| Dimensions | 25 cm. |
| 505 ## - FORMATTED CONTENTS NOTE | |
| Formatted contents note | Introduction-Matter And Its Measurement (Page-1), Introduction-Energy And Its Measurement (Page-16), Stoichiometry- Chemical Reactions (Page-28), Atomic Structure (Page-48), Arrangement Of Electrons In The Atom (Page-63), The Periodic Table (Page-78), The Elements Of Groups 1a And 2a-Ionic And Metallic Bonding (Page-91), The Covalent Bond-Second Period Hydrides (Page-103), Water Solutions (Page-113), The Kinetic Molecular Theory (Page-135), Liquids And Solids (Page-156), Groups 3a Elements-Hydrolysis And Acid-Base Theories (Page-169), Concertation Units-Reactions In Solution (Page-187), Kinetics And Equilibrium (Page-196), Ionization Equilibria In Water Solution (Page-214), The Noble Gases And The Atmosphere (Page-235), The Elements Of Groups Via And Viia (Page-245), Oxidation-Reduction Reactions (Page-265), Electrochemical Cells (Page-275), The Group 4a And 5a Elements (Page-291), Transition Elements-The Rest Of Periodic Table (Page-310), Organic Chemistry-Hydrocarbons (Page-325), Other Classes Of Organic Compounds (Page-338), Polymers (Page-353), Biochemistry (Page-360). |
| 650 #0 - SUBJECT ADDED ENTRY--TOPICAL TERM | |
| Topical term or geographic name entry element | Chemistry. |
| 942 ## - ADDED ENTRY ELEMENTS (KOHA) | |
| Source of classification or shelving scheme | |
| Koha item type | Book |
| Withdrawn status | Lost status | Source of classification or shelving scheme | Damaged status | Not for loan | Permanent Location | Current Location | Shelving location | Date acquired | Full call number | Barcode | Date last seen | Price effective from | Koha item type | Public note |
|---|---|---|---|---|---|---|---|---|---|---|---|---|---|---|
| Military College of Signals (MCS) | Military College of Signals (MCS) | General Stacks | 12/12/2016 | 540,BIG | MCS6481 | 12/08/2016 | 12/12/2016 | Book | Almirah No.25, Shelf No.1 |
